Geography Quiz

Random Geography or State Quiz

States by Unique Last 3 Letters Quiz Stats

Quiz Updated Oct 17, 2014

Challenge
Share
Tweet
Embed
Score 0/32 Timer 03:00
13 Plays Today
Last 3 State % Correct
CKYKentucky
96.9%
AIIHawaii
94.6%
GIAGeorgia
94.5%
HIOOhio
94.3%
AHOIdaho
94%
CUTConnecticut
92.9%
GONOregon
89.6%
AMAAlabama
89%
PPIMississippi
87.4%
ADOColorado
85.1%
ORKNew York
83.9%
TAHUtah
82.9%
OWAIowa
82.7%
SEETennessee
82.7%
XASTexas
81.7%
IDAFlorida
79.2%
Last 3 State % Correct
GANMichigan
79.1%
OMAOklahoma
76.2%
ICONew Mexico
75%
OISIllinois
73%
ONTVermont
72.6%
TONWashington
70.5%
ADANevada
70.2%
AREDelaware
69.7%
INEMaine
69.3%
SINWisconsin
67.7%
SEYNew Jersey
66.7%
URIMissouri
63.8%
TTSMassachusetts
63.3%
INGWyoming
62.9%
IRENew Hampshire
55.3%
ONAArizona
50.2%

You're not logged in!

Compare scores with friends on all Sporcle quizzes.
Sign Up with Email
OR
Log In

You Might Also Like...

Show Comments

Extras

Top Quizzes Today


Score Distribution

Your Account Isn't Verified!

In order to create a playlist on Sporcle, you need to verify the email address you used during registration. Go to your Sporcle Settings to finish the process.